000 00565nam a2200193Ia 4500
005 20250508162811.0
008 008 250505s9999 xx 000 0 eng d
020 _a81-85107-19-X
037 _aTextual
040 _aFEDL
_beng
_cFEDL
041 _aeng
_2eng
084 _a305.4, LAT
_qFEDL
100 _aLateef Shahida
_9135844
245 0 _aMuslim women in India political and private realities : 1890s-1980s
260 _aNew Delhi, India
_bKali for Women
_c1990
300 _a230p.
942 _cTEXL
_h305.4, LAT
999 _c1378750
_d1378750